Les plus grandes villes du bassin du Rhin (partie française) - Statistiques

Statistiques générales
  • Ce quiz a été pris 20 fois
  • Le résultat moyen est 7 sur 14
Statistiques - réponses
Questions Réponses % Correct
103 047 Mulhouse
100%
290 576 Strasbourg
100%
66 155 Colmar
95%
36 943 Haguenau
65%
121 695 Metz
65%
104 387 Nancy
65%
43 943 Thionville
55%
32 685 Epinal
35%
21 111 Forbach
35%
20 324 Sarreguemines
35%
19 523 Sélestat
35%
17 920 Lunéville
20%
15 570 Toul
20%
19 324 Saint-Dié-des-Vosges
10%
Aucun quiz correspondant
Distribution des résultats
% des personnes avec chaque résultat
Percentile par nombre de réponses
Votre historique - résultats
Vous n’avez pas pris ce quiz